VÝVIN PEĽU U TSUGA CANADENSIS (L.) CARR. V PODMIENKACH ARBORÉTA MLYŇANY

Bibliographic Details
Main Author: Chira, Eugen (Author)
Format: Article
Language:Slovak

MARC

LEADER 00000nab a2200000uu 4500
001 vtls011442237
003 SK-MaSNL
005 20260303123319.0
008 230213|1971 xo |||||||||||||||||slo|
015 |a SNBRB 
035 |a (urnnbn)urn:nbn:sk:snk:ar-0031y2 
035 |a (uuid)848e644f-ce8f-4679-8287-a591cf2c5dd0 
035 |a urn:nbn:sk:snk-abcgas 
040 |a SNKBUCL  |b slo  |c SNKBUCL  |e AACR2 
041 0 |a slo 
044 |a xo  |c SK 
100 1 |a Chira, Eugen  |4 aut  |9 306471 
245 1 0 |a VÝVIN PEĽU U TSUGA CANADENSIS (L.) CARR. V PODMIENKACH ARBORÉTA MLYŇANY  |c Eugen Chira 
773 0 |t Biológia : časopis Slovenskej akadémie vied  |g Roč. 26, č. 1 (1971), s. 33-39 
954 |a odborná, vedecká literatúra pôvodná (slovenská)  |2 lita 
958 |a OND 
958 |a EUIPO 
958 |a article16 
999 |c 1925116  |d 1927046